Open Data Biblioteca Nacional de Portugal


República Portuguesa: Ministério da Cultura
Biblioteca Nacional de Portugal

Catálogo da BNP: acesso por Identificadores Unívocos
Registos Bibliográficos associados ao registo de autoridade

Etiqueta de registo: 00230nam 2200025 450
001 1892007
003 http://id.bnportugal.gov.pt/bib/catbnp/1892007
100 ## $a20150106d2013 k y0pory01030103ba
101 0# $apor$deng
102 ## $aPT
105 ## $aa m 001yy
106 ## $ar
200 1# $aModelação, simulação e implementação de agitação acústica para aplicações em microfluídica$fSusana Oliveira Catarino$gorient. Graça Maria Henriques Minas, Senetxu Lanceros-Méndez, João Mário Rodrigues Miranda
210 #9 $a[Braga$cs.n.],$d2013
215 ## $aXXXII, 192, XI p.$cil.$d30 cm
320 ## $aBibliografia, p. 183-191
328 #1 $aTese dout. Engenharia Biomédica, Escola de Engenharia, Univ. do Minho, 2013
675 ## $a66.09(043)$vBN$zpor$31234055
675 ## $a519.87(043)$vBN$zpor$3297306
700 #1 $aCatarino,$bSusana Oliveira$31596429
702 #1 $aMinas,$bGraça Maria Henriques$4727$31253137
702 #1 $aLanceros-Mendéz,$bSenentxu,$f1968-$4727$31467590
702 #1 $aMiranda,$bJoão Mário Rodrigues$4727$31193673
801 #0 $aPT$bBN$gRPC
966 ## $lBN$mFGMON$sS.A. 156798 V.$x1

Etiqueta de registo: 00000nam 2200025 450
001 2281261
003 http://id.bnportugal.gov.pt/bib/catbnp/2281261
100 ## $a20260318d2024 k y0pory01030103ba
101 0# $aeng$dpor
102 ## $aPT
105 ## $aa m 000yy
106 ## $ar
200 1# $aHemozoin - dissection of its characteristics for non-invasive malaria diagnostics and its biological pathway towards personalized medicine$fVitória da Cunha Baptista$gorient. Susana Oliveira Catarino, Maria Isabel Veiga, José Pedro Gil
210 #9 $a[S.l.$cs.n.],$d2024
215 ## $aXVIII, 159 p.$cil.$d30 cm
328 #1 $aTese dout. Engenharia Biomédica, Escola de Engenharia, Universidade do Minho, 2024
675 ## $a543.42(043)$vBN$zpor$31221282
675 ## $a616.936-079(043)$vBN$zpor$31995815
700 #1 $aBaptista,$bVitória da Cunha$31992081
702 #1 $aCatarino,$bSusana Oliveira$4727$31596429
702 #1 $aVeiga,$bMaria Isabel Mendes$4727$31727517
702 #1 $aGil,$bJosé Pedro Blanco Panadés$4727$3984108
801 #0 $aPT$bBN$gRPC
966 ## $lBN$mFGMON$x1
971 ## $corlando$d20260318
973 ## $ctrodrigues$d20260415

OpendataBNP@bnportugal.pt | Mais informação sobre acesso aos dados BNP